Τα αγνά νιάτα

Αποθηκεύτηκε σε:
Λεπτομέρειες βιβλιογραφικής εγγραφής
Κύριος συγγραφέας: Toth, Tihamer, 1889-1939
Άλλοι συγγραφείς: Παναγιωτίδης, Ιωάννης , Γ. (Μεταφραστής)
Μορφή: Βιβλίο
Γλώσσα:Greek
Hungarian
Δημοσίευση: Αθήναι: Αστήρ, 1970.
Έκδοση:5η έκδ.
Σειρά:(Εκδόσις Αστέρος ; 164)
Θέματα:
Ετικέτες: Προσθήκη ετικέτας
Δεν υπάρχουν, Καταχωρήστε ετικέτα πρώτοι!

MARC

LEADER 00000cam a2200000 a 4500
001 1/124438
008 220225s1970####gr | ||| |||| ||gre||
040 |a GR-MyUa  |b gre  |c GR-MyUa  |e AACR2 
041 1 |a gre  |h hun 
082 7 |a 894.511   |2 (23)  
100 1 |a Toth, Tihamer,   |d 1889-1939. 
245 1 3 |a Τα αγνά νιάτα /   |c Tihamer Toth ; μετάφραση: Ιωάννου Γ. Παναγιώτου.  
246 1 |i Άλλοι τίτλοι:   |a A vida Eterna 
250 |a 5η έκδ.  
260 |a Αθήναι:   |b Αστήρ,   |c 1970.  
300 |a 195 σ. ;  |c 21 εκ.  
490 0 |a (Εκδόσις Αστέρος ;   |v 164)  
500 |a Τίτλος πρωτοτύπου: A vida Eterna.  
650 0 |a Christian literature, Hungarian. 
650 0 |a Sexual ethics. 
650 0 |a Chastity. 
650 0 |a Christian life. 
650 0 |a Sex  |x Religious aspects  |x Christianity. 
700 1 |a Παναγιωτίδης, Ιωάννης , Γ.  |e trl 
970 |a Σιδερή   |b Νεκταρία   |z 2022/02/25